[Event "CRO-chT (Women) 31st"]
[Site "Veli Losinj"]
[Date "2023.10.12"]
[Round "3.1"]
[White "Movsesian, Julia"]
[Black "Rozman, Monika"]
[Result "1/2-1/2"]
[WhiteElo "2259"]
[BlackElo "2120"]
[PlyCount "47"]
[EventDate "2023.10.11"]
[EventType "team-tourn"]
[EventRounds "9"]
[EventCountry "CRO"]
[SourceTitle "Mega2024 Update 01"]
[Source "Chessbase"]
[SourceDate "2023.11.12"]
[SourceVersion "1"]
[SourceVersionDate "2023.11.12"]
[SourceQuality "1"]
[WhiteTeam "Zagreb Mladost (W)"]
[BlackTeam "Zagreb Caissa (W)"]
[WhiteTeamCountry "CRO"]
[BlackTeamCountry "CRO"]

1. e4 e5 2. Nf3 Nc6 3. d4 exd4 4. Nxd4 Bc5 5. Be3 Qf6 6. c3 Nge7 7. Bb5 Bb6 8. 0-0 0-0 9. Re1 d6 10. Be2 Ng6 11. g3 Bd7 12. f4 Rae8 13. Bf3 d5 14. exd5 Rxe3 15. dxc6 Rxe1+ 16. Qxe1 Bxc6 17. Bxc6 bxc6 18. Kg2 Bxd4 19. cxd4 Qxd4 20. Nc3 c5 21. Rd1 Qf6 22. Qe3 Rb8 23. Rd2 Qc6+ 24. Qe4 1/2-1/2

[Event "EU-ch (Women) 23rd"]
[Site "Petrovac"]
[Date "2023.03.21"]
[Round "4"]
[White "Rozman, Monika"]
[Black "Bakalarz, Grazyna"]
[Result "1-0"]
[WhiteElo "2125"]
[BlackElo "1847"]
[PlyCount "83"]
[EventDate "2023.03.18"]
[EventType "swiss"]
[EventRounds "11"]
[EventCountry "MNE"]
[SourceTitle "CBM 213 Extra"]
[Source "ChessBase"]
[SourceDate "2023.05.31"]
[SourceVersion "1"]
[SourceVersionDate "2023.05.31"]
[SourceQuality "1"]

1. e4 e5 2. Nf3 Nf6 3. Nxe5 Nxe4 4. Qe2 Qe7 5. Qxe4 d6 6. Nc3 Qxe5 7. Qxe5+ dxe5 8. Bc4 Bc5 9. d3 0-0 10. Be3 Bxe3 11. fxe3 c6 12. 0-0 b5 13. Bb3 Be6 14. Bxe6 fxe6 15. Rxf8+ Kxf8 16. Ne4 Ke7 17. a4 b4 18. a5 Na6 19. Kf2 Rb8 20. Ke2 Rb5 21. b3 Nc5 22. Nd2 a6 23. Nc4 Nb7 24. Kd2 Nc5 25. Ke2 Nb7 26. Ra2 Kf6 27. Ra4 Ke7 28. Ra1 Kf6 29. Kd2 Nc5 30. Nd6 Rb8 31. d4 exd4 32. exd4 Nb7 33. Ne4+ Ke7 34. Kd3 Rf8 35. Ra4 Rf5 36. Rxb4 Nxa5 37. Rb6 e5 38. b4 exd4 39. bxa5 Rxa5 40. Rxc6 Ra1 41. Rc7+ Kf8 42. Kxd4 1-0

[Event "EU-ch (Women) 23rd"]
[Site "Petrovac"]
[Date "2023.03.18"]
[Round "1"]
[White "Rozman, Monika"]
[Black "Buksa, Nataliya"]
[Result "1/2-1/2"]
[WhiteElo "2125"]
[BlackElo "2405"]
[PlyCount "102"]
[EventDate "2023.03.18"]
[EventType "swiss"]
[EventRounds "11"]
[EventCountry "MNE"]
[SourceTitle "CBM 213 Extra"]
[Source "ChessBase"]
[SourceDate "2023.05.31"]
[SourceVersion "1"]
[SourceVersionDate "2023.05.31"]
[SourceQuality "1"]

1. e4 c5 2. Nf3 Nc6 3. d4 cxd4 4. Nxd4 Nf6 5. Nc3 e5 6. Ndb5 d6 7. Bg5 a6 8. Na3 b5 9. Nd5 Be7 10. Bxf6 Bxf6 11. c3 Rb8 12. Nc2 Bg5 13. a4 bxa4 14. Ncb4 Nxb4 15. Nxb4 Bd7 16. Bxa6 Qa5 17. Qxd6 Rb6 18. Qd3 Be6 19. 0-0 0-0 20. Bc4 Rd8 21. Bd5 Bxd5 22. Nxd5 Rxb2 23. Rfb1 Rxb1+ 24. Rxb1 a3 25. g3 Ra8 26. Qc4 h5 27. h4 Bd8 28. Qa2 Qa7 29. Kg2 Be7 30. Nxe7+ Qxe7 31. Qd5 Rd8 32. Qa5 Rd2 33. Ra1 Qf6 34. Qa7 Qc6 35. Qb8+ Kh7 36. Qxe5 a2 37. Qxh5+ Kg8 38. Qe5 Qc4 39. h5 Qb3 40. h6 gxh6 41. Rh1 Qb2 42. Qe8+ Kg7 43. Qe5+ Kf8 44. Qc5+ Ke8 45. Qc8+ Ke7 46. Qc7+ Kf8 47. Qc5+ Kg8 48. Qc8+ Kg7 49. Qg4+ Kf8 50. Qc8+ Kg7 51. Qg4+ Kf8 1/2-1/2

[Event "EU-ch Blitz"]
[Site "Katowice"]
[Date "2022.12.16"]
[Round "5"]
[White "Paehtz, Elisabeth"]
[Black "Rozman, Monika"]
[Result "1-0"]
[WhiteElo "2464"]
[BlackElo "2125"]
[PlyCount "47"]
[EventDate "2022.12.16"]
[EventType "swiss (blitz)"]
[EventRounds "22"]
[EventCountry "POL"]
[SourceTitle "CBM 211 Extra"]
[Source "ChessBase"]
[SourceDate "2023.01.31"]
[SourceVersion "1"]
[SourceVersionDate "2023.01.31"]
[SourceQuality "1"]

1. d4 d5 2. Bf4 Nf6 3. e3 Bf5 4. Nf3 c6 5. c4 e6 6. Nc3 Bd6 7. Qb3 Bxf4 8. exf4 Qc7 9. c5 Nbd7 10. Ne5 0-0 11. Be2 b6 12. cxb6 axb6 13. Rc1 c5 14. 0-0 c4 15. Qb4 Ra5 16. a3 Nb8 17. Nb5 Qd8 18. a4 Ne4 19. f3 Na6 20. Qa3 Nd2 21. Nc6 Qf6 22. Ne7+ Kh8 23. Nxf5 Nxf1 24. Qxf8# 1-0

[Event "Titled Tuesday intern op 22nd Nov Early"]
[Site "Chess.com INT"]
[Date "2022.11.22"]
[Round "3"]
[White "Rozman, Monika"]
[Black "Lohani, Sujana"]
[Result "1-0"]
[WhiteElo "2125"]
[BlackElo "1716"]
[PlyCount "49"]
[EventDate "2022.11.22"]
[EventType "swiss (blitz)"]
[EventRounds "11"]
[EventCountry "USA"]
[SourceTitle "CBM 211 Extra"]
[Source "ChessBase"]
[SourceDate "2023.01.31"]
[SourceVersion "1"]
[SourceVersionDate "2023.01.31"]
[SourceQuality "1"]

1. d4 g6 2. Nf3 Bg7 3. Bf4 d6 4. e3 c6 5. h3 Nd7 6. Be2 Qc7 7. 0-0 e5 8. Bh2 Ne7 9. c4 0-0 10. Nc3 Re8 11. b4 exd4 12. exd4 Nf5 13. c5 a5 14. b5 cxb5 15. Nxb5 Qc6 16. Nxd6 Nxd6 17. Bxd6 Nf6 18. Rb1 Bf5 19. Bb5 Qc8 20. Bxe8 Nxe8 21. Rb6 Qd7 22. Re1 Nxd6 23. Rxd6 Qb5 24. Ne5 Qa4 25. Qxa4 1-0

[Event "AUT-chT2M 2223"]
[Site "Austria"]
[Date "2022.10.23"]
[Round "6.4"]
[White "Rozman, Monika"]
[Black "Wisnet, Dominic"]
[Result "0-1"]
[WhiteElo "2113"]
[BlackElo "2312"]
[PlyCount "98"]
[EventDate "2022.09.30"]
[EventType "team-tourn"]
[EventRounds "11"]
[EventCountry "AUT"]
[SourceTitle "EXT 2024"]
[Source "ChessBase"]
[SourceDate "2023.10.10"]
[SourceVersion "1"]
[SourceVersionDate "2023.10.10"]
[SourceQuality "1"]
[WhiteTeam "Raika Feffernitz II"]
[BlackTeam "Sauwald"]
[WhiteTeamCountry "AUT"]
[BlackTeamCountry "AUT"]

1. e4 c5 2. Nf3 e6 3. d4 cxd4 4. Nxd4 Nf6 5. Nc3 d6 6. Be3 a6 7. f3 b5 8. Qd2 Nbd7 9. g4 h6 10. 0-0-0 Bb7 11. h4 Nb6 12. Bd3 Nfd7 13. g5 Ne5 14. f4 Nbc4 15. Bxc4 Nxc4 16. Qd3 hxg5 17. hxg5 Rxh1 18. Rxh1 Nxe3 19. Qxe3 b4 20. Na4 Qa5 21. b3 e5 22. Nf3 Bc6 23. g6 f6 24. Nb6 Qxa2 25. Nxa8 Qa1+ 26. Kd2 Qxh1 27. Nc7+ Kd7 28. Qa7 Bxe4 29. Nd5+ Ke6 30. Qf7+ Kf5 31. Qd7+ Kxg6 32. f5+ Kh6 33. Ne1 Bxd5 34. Qe8 Qh2+ 35. Kc1 Qf4+ 36. Kb2 Qxf5 37. Qxf8 e4 38. Ka2 Qe5 39. Qb8 a5 40. Qb6 g5 41. Ng2 Qc3 42. Ne3 a4 43. Qxd6 axb3+ 44. Kb1 Qe1+ 45. Kb2 Qxe3 46. Qh2+ Kg6 47. cxb3 Qxb3+ 48. Kc1 Qa3+ 49. Kb1 Qa2+ 0-1

[Event "Titled Tuesday intern op 27th Sep Early"]
[Site "Chess.com INT"]
[Date "2022.09.27"]
[Round "10"]
[White "Rozman, Monika"]
[Black "Rangel, Daniel"]
[Result "0-1"]
[WhiteElo "2111"]
[BlackElo "2193"]
[PlyCount "140"]
[EventDate "2022.09.27"]
[EventType "swiss (blitz)"]
[EventRounds "11"]
[EventCountry "USA"]
[SourceTitle "CBM 210 Extra"]
[Source "ChessBase"]
[SourceDate "2022.11.30"]
[SourceVersion "1"]
[SourceVersionDate "2022.11.30"]
[SourceQuality "1"]

1. d4 Nf6 2. c4 e6 3. Nf3 d5 4. Nc3 a6 5. cxd5 exd5 6. Bg5 Be7 7. Qc2 0-0 8. e3 Nc6 9. a3 h6 10. Bh4 Be6 11. Bd3 Na5 12. 0-0 Rc8 13. b4 Nc4 14. Bxc4 dxc4 15. e4 Bg4 16. Ne5 Be6 17. d5 Bd6 18. Bxf6 Qxf6 19. Nxc4 Bd7 20. Nxd6 cxd6 21. Rac1 Rc4 22. Qd2 Rfc8 23. Ne2 Rxe4 24. Rxc8+ Bxc8 25. Qc2 Re8 26. Ng3 Qg5 27. Qd3 h5 28. h3 h4 29. Ne4 Qg6 30. Re1 Re5 31. f4 Rf5 32. Qe3 Rxd5 33. Ng5 Be6 34. Nxe6 fxe6 35. Qxe6+ Qxe6 36. Rxe6 Rd3 37. Re8+ Kf7 38. Rb8 b5 39. Rb7+ Ke6 40. Rxg7 Rxa3 41. Rg6+ Kd5 42. Kf2 Rb3 43. Rg5+ Ke6 44. Rg6+ Kd7 45. Rg7+ Kc6 46. f5 Rxb4 47. Kf3 Rb1 48. f6 Rf1+ 49. Kg4 Rxf6 50. Kxh4 a5 51. g4 a4 52. g5 Rf1 53. Ra7 Rg1 54. Kh5 Kb6 55. Ra8 Kc5 56. g6 Kb4 57. Kh6 a3 58. g7 Kb3 59. g8Q+ Rxg8 60. Rxg8 a2 61. Ra8 Kb2 62. Kg7 b4 63. h4 b3 64. h5 a1Q 65. Rxa1 Kxa1 66. h6 b2 67. h7 b1Q 68. h8Q Qb2+ 69. Kg8 Qxh8+ 70. Kxh8 d5 0-1

[Event "Titled Tuesday intern op 27th Sep Early"]
[Site "Chess.com INT"]
[Date "2022.09.27"]
[Round "2"]
[White "Rozman, Monika"]
[Black "Vignesh, NR."]
[Result "0-1"]
[WhiteElo "2111"]
[BlackElo "2473"]
[PlyCount "74"]
[EventDate "2022.09.27"]
[EventType "swiss (blitz)"]
[EventRounds "11"]
[EventCountry "USA"]
[SourceTitle "CBM 210 Extra"]
[Source "ChessBase"]
[SourceDate "2022.11.30"]
[SourceVersion "1"]
[SourceVersionDate "2022.11.30"]
[SourceQuality "1"]

1. d4 Nf6 2. c4 c5 3. d5 e6 4. Nc3 exd5 5. cxd5 d6 6. Nf3 g6 7. Nd2 Bg7 8. e4 0-0 9. Be2 b6 10. 0-0 Ba6 11. a4 Bxe2 12. Qxe2 Re8 13. Nc4 Na6 14. f3 Nb4 15. Rd1 Nh5 16. g4 Bd4+ 17. Kh1 Ng7 18. Bf4 Be5 19. Bxe5 dxe5 20. b3 h5 21. Qg2 hxg4 22. fxg4 Qg5 23. h3 Red8 24. Rd2 Ne8 25. Rf1 Rd7 26. Qf2 f6 27. Kh2 Rh7 28. Qg2 Rd8 29. d6 Nc6 30. Nb5 Nd4 31. Nxa7 Rxa7 32. Nxb6 Nxd6 33. Nd5 Nxe4 34. Qxe4 Qxd2+ 35. Kh1 Kg7 36. g5 Qxg5 37. Nxf6 Rf7 0-1

[Event "Olympiad Women-44"]
[Site "Chennai"]
[Date "2022.08.09"]
[Round "11.4"]
[White "Rozman, Monika"]
[Black "Mihailova, Alina"]
[Result "1/2-1/2"]
[WhiteElo "2104"]
[BlackElo "1926"]
[PlyCount "154"]
[EventDate "2022.07.29"]
[EventType "team-swiss"]
[EventRounds "11"]
[EventCountry "IND"]
[SourceTitle "CBM 210"]
[Source "ChessBase"]
[SourceDate "2022.10.31"]
[SourceVersion "1"]
[SourceVersionDate "2022.10.31"]
[SourceQuality "1"]
[WhiteTeam "Slovenia (W)"]
[BlackTeam "Moldova (W)"]
[WhiteTeamCountry "SLO"]
[BlackTeamCountry "MDA"]

1. e4 e5 2. Nf3 Nc6 3. Bc4 Bc5 4. c3 Nf6 5. d3 d6 6. 0-0 a5 7. Be3 Ba7 8. Nbd2 0-0 9. Bxa7 Rxa7 10. Re1 h6 11. h3 Ne7 12. d4 Ng6 13. dxe5 dxe5 14. a4 Qe7 15. Qb3 Nh5 16. Rad1 Nhf4 17. Re3 Bd7 18. Ne1 Rb8 19. Ndf3 Be8 20. Bb5 c6 21. Bf1 b5 22. g3 Ne6 23. axb5 Nc5 24. Qc2 cxb5 25. Nd3 Bc6 26. Nxc5 Qxc5 27. Red3 Kh7 28. Qe2 b4 29. Rd8 Rxd8 30. Rxd8 Qe7 31. Rd1 bxc3 32. bxc3 a4 33. Qc4 Qb7 34. Nd2 a3 35. Ra1 Ra4 36. Qa2 Bxe4 37. Nxe4 Qxe4 38. Qxf7 Qc6 39. Qb3 Qa8 40. Bb5 Ra7 41. Qe6 Qf8 42. Bd3 Qf6 43. Qg4 Qd6 44. Be4 Ra6 45. h4 Kh8 46. Bxg6 Qxg6 47. Qxg6 Rxg6 48. Rxa3 Rc6 49. Kf1 Kg8 50. Ke2 Kf7 51. Kd3 Kf6 52. c4 g5 53. hxg5+ hxg5 54. Rc3 Rc5 55. Rc2 Kf5 56. Kc3 Ke4 57. Kb4 Rc8 58. c5 Kd3 59. Rc3+ Ke2 60. f3 Kf2 61. g4 Kg3 62. c6 e4 63. fxe4+ Kxg4 64. Kc5 Kf4 65. Kd6 Kxe4 66. Kd7 Rg8 67. c7 g4 68. Ke6 Kf4 69. c8Q Rxc8 70. Rxc8 g3 71. Rc2 Kf3 72. Kf5 g2 73. Rc3+ Kf2 74. Rc2+ Kf1 75. Rc1+ Kf2 76. Kf4 g1Q 77. Rxg1 Kxg1 1/2-1/2